[Event "Bundesliga 9596"]
[Site "Deutschland"]
[Date "1996.??.??"]
[Round "?.5"]
[White "Ankerst, Mihael"]
[Black "Dutschak, Hauke"]
[Result "1-0"]
[WhiteElo "2295"]
[BlackElo "2260"]
[PlyCount "35"]
[EventDate "1995.10.??"]
[EventType "team"]
[EventRounds "15"]
[EventCountry "GER"]
[SourceTitle "Bundesliga 9596"]
[Source "DeepChess"]
[SourceDate "2005.01.01"]
[SourceVersion "1"]
[SourceVersionDate "2005.01.01"]
[SourceQuality "1"]
[WhiteTeam "Muenchener SC 1836 e.V."]
[BlackTeam "SV Tuebingen 1870 e.V."]
[WhiteTeamCountry "GER"]
[BlackTeamCountry "GER"]

1. e4 d5 2. exd5 Nf6 3. d4 Nxd5 4. Nf3 Bg4 5. Be2 e6 6. h3 Bf5 7. O-O Bd6 8. c4
Nb4 9. a3 Nc2 10. Ra2 Qf6 11. c5 Bf8 12. Bd3 Nxd4 13. Nxd4 Bxd3 14. Qxd3 Bxc5
15. Qb5+ Nd7 16. Nf3 Bb6 17. Bg5 Qg6 18. Ne5 1-0

[Event "Bundesliga 9596"]
[Site "Deutschland"]
[Date "1996.??.??"]
[Round "?.6"]
[White "Von Naso, Lancelot"]
[Black "Riedel, Wolfgang"]
[Result "1/2-1/2"]
[WhiteElo "2095"]
[BlackElo "2350"]
[PlyCount "85"]
[EventDate "1995.10.??"]
[EventType "team"]
[EventRounds "15"]
[EventCountry "GER"]
[SourceTitle "Bundesliga 9596"]
[Source "DeepChess"]
[SourceDate "2005.01.01"]
[SourceVersion "1"]
[SourceVersionDate "2005.01.01"]
[SourceQuality "1"]
[WhiteTeam "SV Tuebingen 1870 e.V."]
[BlackTeam "Muenchener SC 1836 e.V."]
[WhiteTeamCountry "GER"]
[BlackTeamCountry "GER"]

1. f4 Nf6 2. Nf3 d5 3. g3 g6 4. Bg2 Bg7 5. O-O O-O 6. d3 c6 7. Nc3 d4 8. Ne4
Nd5 9. Qe1 Qb6 10. Kh1 f5 11. Ned2 Ne3 12. Nc4 Nxc4 13. dxc4 Nd7 14. b3 e5 15.
fxe5 Nxe5 16. Nxe5 Bxe5 17. Rb1 Bg7 18. Qf2 Re8 19. Re1 Bd7 20. Bf4 Re6 21. e4
fxe4 22. Rxe4 Rxe4 23. Bxe4 Re8 24. Re1 Qa5 25. a4 Qc5 26. Bd3 Qf8 27. Rxe8
Bxe8 28. Qe2 Bd7 29. Kg2 Qc5 30. Bd2 Qd6 31. b4 b6 32. Qe1 Be5 33. b5 Kg7 34.
Bb4 Qe6 35. Qf1 Bf6 36. Qf3 c5 37. Bd2 Qf7 38. Kg1 Be6 39. Qe2 Bd8 40. Bf4 Bf6
41. Bd2 Bc8 42. Be4 Qe7 43. Bd3 1/2-1/2

[Event "Bundesliga 9596"]
[Site "Deutschland"]
[Date "1996.??.??"]
[Round "?.7"]
[White "Geisler, Fabian"]
[Black "Gass, Ulrich"]
[Result "1-0"]
[WhiteElo "2330"]
[BlackElo "2114"]
[PlyCount "115"]
[EventDate "1995.10.??"]
[EventType "team"]
[EventRounds "15"]
[EventCountry "GER"]
[SourceTitle "Bundesliga 9596"]
[Source "DeepChess"]
[SourceDate "2005.01.01"]
[SourceVersion "1"]
[SourceVersionDate "2005.01.01"]
[SourceQuality "1"]
[WhiteTeam "Muenchener SC 1836 e.V."]
[BlackTeam "SV Tuebingen 1870 e.V."]
[WhiteTeamCountry "GER"]
[BlackTeamCountry "GER"]

1. e4 d6 2. d4 Nf6 3. Nc3 c6 4. Be3 b5 5. f3 Nbd7 6. Qd2 Nb6 7. a4 Nc4 8. Bxc4
bxc4 9. Nge2 g6 10. Nd1 Bg7 11. Bh6 Bxh6 12. Qxh6 Qa5+ 13. Nec3 Rb8 14. O-O Qh5
15. Qxh5 Nxh5 16. Ra2 a5 17. Ne3 Ba6 18. Rd1 O-O 19. d5 Rfc8 20. dxc6 Rxc6 21.
Rd5 Rc5 22. Rxc5 dxc5 23. Nb5 Bxb5 24. axb5 c3 25. Nd5 cxb2 26. Rxb2 Rb7 27. c4
e6 28. Nc3 Nf6 29. Na4 Nd7 30. Rd2 Ne5 31. Rd8+ Kg7 32. Nxc5 Rc7 33. b6 Rxc5
34. b7 Nc6 35. Rc8 Rxc4 36. b8=Q Nxb8 37. Rxc4 Nd7 38. Ra4 h5 39. Rxa5 Nf6 40.
Kf2 Nd7 41. Ke3 Nf6 42. h3 Ng8 43. f4 Nf6 44. Ra7 Kf8 45. Kf3 Kg7 46. g4 hxg4+
47. hxg4 g5 48. e5 Nd5 49. f5 Nf4 50. Ke4 Kg8 51. f6 Ng6 52. Rb7 Nh8 53. Rb8+
Kh7 54. Rf8 Kg6 55. Kd4 Kh7 56. Kc5 Kg6 57. Rg8+ Kh7 58. Rxh8+ 1-0

[Event "Bundesliga 9596"]
[Site "Deutschland"]
[Date "1996.??.??"]
[Round "?.1"]
[White "Unzicker, Wolfgang"]
[Black "Emms, John M"]
[Result "1/2-1/2"]
[WhiteElo "2450"]
[BlackElo "2500"]
[PlyCount "41"]
[EventDate "1995.10.??"]
[EventType "team"]
[EventRounds "15"]
[EventCountry "GER"]
[SourceTitle "Bundesliga 9596"]
[Source "DeepChess"]
[SourceDate "2005.01.01"]
[SourceVersion "1"]
[SourceVersionDate "2005.01.01"]
[SourceQuality "1"]
[WhiteTeam "PSV Turm Duisburg 1920 e.V."]
[BlackTeam "PSV/BSV Wuppertal 1921 e.V."]
[WhiteTeamCountry "GER"]
[BlackTeamCountry "GER"]

1. e4 e5 2. Nf3 Nc6 3. Bb5 a6 4. Ba4 Nf6 5. O-O b5 6. Bb3 Bc5 7. c3 d6 8. d4
Bb6 9. a4 Bg4 10. d5 Na5 11. Bc2 O-O 12. Nbd2 Qd7 13. h3 Bh5 14. b4 Nb7 15. Bb2
c6 16. a5 Ba7 17. c4 cxd5 18. cxd5 h6 19. Bd3 Rfc8 20. Qb3 Nd8 21. Nh4 1/2-1/2

[Event "Bundesliga 9596"]
[Site "Deutschland"]
[Date "1996.??.??"]
[Round "?.2"]
[White "Conquest, Stuart"]
[Black "Keitlinghaus, Ludger"]
[Result "1/2-1/2"]
[WhiteElo "2540"]
[BlackElo "2475"]
[PlyCount "84"]
[EventDate "1995.10.??"]
[EventType "team"]
[EventRounds "15"]
[EventCountry "GER"]
[SourceTitle "Bundesliga 9596"]
[Source "DeepChess"]
[SourceDate "2005.01.01"]
[SourceVersion "1"]
[SourceVersionDate "2005.01.01"]
[SourceQuality "1"]
[WhiteTeam "PSV/BSV Wuppertal 1921 e.V."]
[BlackTeam "PSV Turm Duisburg 1920 e.V."]
[WhiteTeamCountry "GER"]
[BlackTeamCountry "GER"]

1. d4 d5 2. c4 c6 3. Nf3 Nf6 4. Nbd2 Bf5 5. g3 e6 6. Bg2 h6 7. O-O Be7 8. b3
O-O 9. Bb2 Nbd7 10. Ne5 a5 11. a3 Nxe5 12. dxe5 Nd7 13. cxd5 cxd5 14. e4 dxe4
15. Nxe4 Nc5 16. Nd6 Bxd6 17. exd6 Nd3 18. Bc3 Qb6 19. b4 axb4 20. axb4 Rad8
21. Qf3 Rxd6 22. Ra3 Rd7 23. h4 Rc8 24. g4 Bh7 25. Qe3 Qd8 26. g5 hxg5 27. hxg5
Rdc7 28. Ba1 Bf5 29. b5 Qd6 30. Rxd3 Qxd3 31. Qe5 f6 32. gxf6 gxf6 33. Qxf6 Rh7
34. Bxb7 Qh3 35. Qg5+ Kf7 36. Rd1 e5 37. Bg2 Qh2+ 38. Kf1 Bh3 39. Ke2 Qxg2 40.
Rd7+ Ke6 41. Qxg2 Bxg2 42. Rxh7 Rc1 1/2-1/2

[Event "Bundesliga 9596"]
[Site "Deutschland"]
[Date "1996.??.??"]
[Round "?.3"]
[White "Enders, Peter"]
[Black "Schebler, Gerhard"]
[Result "1-0"]
[WhiteElo "2495"]
[BlackElo "2420"]
[PlyCount "73"]
[EventDate "1995.10.??"]
[EventType "team"]
[EventRounds "15"]
[EventCountry "GER"]
[SourceTitle "Bundesliga 9596"]
[Source "DeepChess"]
[SourceDate "2005.01.01"]
[SourceVersion "1"]
[SourceVersionDate "2005.01.01"]
[SourceQuality "1"]
[WhiteTeam "PSV Turm Duisburg 1920 e.V."]
[BlackTeam "PSV/BSV Wuppertal 1921 e.V."]
[WhiteTeamCountry "GER"]
[BlackTeamCountry "GER"]

1. e4 c5 2. Nf3 d6 3. d4 cxd4 4. Nxd4 Nf6 5. Nc3 Nc6 6. Bg5 e6 7. Qd2 a6 8.
O-O-O h6 9. Be3 Bd7 10. f4 b5 11. Bd3 Qc7 12. h3 Na5 13. a3 e5 14. Nf3 Be7 15.
Qf2 Nc4 16. Bxc4 bxc4 17. fxe5 dxe5 18. Qg3 Rb8 19. Qxg7 Rh7 20. Nd5 Nxd5 21.
Qg8+ Bf8 22. Rxd5 Rg7 23. Rxe5+ Qxe5 24. Qxf8+ Kxf8 25. Nxe5 Ke7 26. g4 c3 27.
bxc3 f6 28. Bc5+ Ke6 29. Nd3 Bc6 30. Re1 Rg5 31. Bd4 Rgb5 32. Nb4 Bb7 33. c4
Ra5 34. Nd3 Kf7 35. Rf1 Bxe4 36. Rxf6+ Ke7 37. Rxh6 1-0

[Event "Bundesliga 9596"]
[Site "Deutschland"]
[Date "1996.??.??"]
[Round "?.4"]
[White "Hausrath, Daniel"]
[Black "Thesing, Matthias"]
[Result "1/2-1/2"]
[WhiteElo "2390"]
[BlackElo "2415"]
[PlyCount "24"]
[EventDate "1995.10.??"]
[EventType "team"]
[EventRounds "15"]
[EventCountry "GER"]
[SourceTitle "Bundesliga 9596"]
[Source "DeepChess"]
[SourceDate "2005.01.01"]
[SourceVersion "1"]
[SourceVersionDate "2005.01.01"]
[SourceQuality "1"]
[WhiteTeam "PSV/BSV Wuppertal 1921 e.V."]
[BlackTeam "PSV Turm Duisburg 1920 e.V."]
[WhiteTeamCountry "GER"]
[BlackTeamCountry "GER"]

1. d4 d5 2. Bg5 h6 3. Bh4 c6 4. e3 Qb6 5. b3 e5 6. c3 exd4 7. exd4 Be7 8. Bg3
Bf5 9. Bd3 Bxd3 10. Qxd3 Nf6 11. Nd2 O-O 12. Ne2 Qa6 1/2-1/2

[Event "Bundesliga 9596"]
[Site "Deutschland"]
[Date "1996.??.??"]
[Round "?.5"]
[White "Pirrot, Dieter"]
[Black "Schiffer, Kai Uwe"]
[Result "1-0"]
[WhiteElo "2405"]
[BlackElo "2325"]
[PlyCount "67"]
[EventDate "1995.10.??"]
[EventType "team"]
[EventRounds "15"]
[EventCountry "GER"]
[SourceTitle "Bundesliga 9596"]
[Source "DeepChess"]
[SourceDate "2005.01.01"]
[SourceVersion "1"]
[SourceVersionDate "2005.01.01"]
[SourceQuality "1"]
[WhiteTeam "PSV Turm Duisburg 1920 e.V."]
[BlackTeam "PSV/BSV Wuppertal 1921 e.V."]
[WhiteTeamCountry "GER"]
[BlackTeamCountry "GER"]

1. e4 c6 2. d4 d5 3. exd5 cxd5 4. c4 Nf6 5. Nc3 Nc6 6. Nf3 Be6 7. c5 g6 8. Bb5
Bg7 9. Ne5 Bd7 10. Bxc6 bxc6 11. Qe2 O-O 12. O-O Be8 13. Re1 Kh8 14. Nf3 Ng8
15. Bf4 f6 16. b4 Qd7 17. a4 g5 18. Bg3 Nh6 19. b5 Nf5 20. Rad1 Qd8 21. Qc2
Nxg3 22. hxg3 Rb8 23. Qe2 Qa5 24. Rc1 Bh5 25. bxc6 e5 26. Nxd5 exd4 27. c7 Rb7
28. Qe6 Rxc7 29. Nxc7 Bxf3 30. Qd7 Bh5 31. Ne6 Rg8 32. Nxg7 Rxg7 33. Re7 Rxe7
34. Qxe7 1-0

[Event "Bundesliga 9596"]
[Site "Deutschland"]
[Date "1996.??.??"]
[Round "?.6"]
[White "Kern, Guido"]
[Black "Prang, Edgar"]
[Result "0-1"]
[WhiteElo "2365"]
[BlackElo "2335"]
[PlyCount "96"]
[EventDate "1995.10.??"]
[EventType "team"]
[EventRounds "15"]
[EventCountry "GER"]
[SourceTitle "Bundesliga 9596"]
[Source "DeepChess"]
[SourceDate "2005.01.01"]
[SourceVersion "1"]
[SourceVersionDate "2005.01.01"]
[SourceQuality "1"]
[WhiteTeam "PSV/BSV Wuppertal 1921 e.V."]
[BlackTeam "PSV Turm Duisburg 1920 e.V."]
[WhiteTeamCountry "GER"]
[BlackTeamCountry "GER"]

1. Nf3 d5 2. c4 e6 3. g3 dxc4 4. Qa4+ Bd7 5. Qxc4 c5 6. a4 Bc6 7. Bg2 Nf6 8.
O-O Nbd7 9. Nc3 Rc8 10. d3 Be7 11. a5 a6 12. e4 O-O 13. Bf4 Ne8 14. Qa2 Nd6 15.
Rfd1 Nb5 16. Be3 Nxc3 17. bxc3 Qc7 18. Nd2 Rfd8 19. f4 Nf6 20. Nc4 h6 21. h3
Re8 22. Ne5 Bb5 23. c4 Bd7 24. Rdb1 Rb8 25. Qb2 Red8 26. Bd2 Be8 27. Bc3 Nh5
28. Qe2 f6 29. Ng4 Nxg3 30. Nxh6+ Kh7 31. Qe1 Nh5 32. Ng4 Rxd3 33. e5 f5 34.
Nf2 Rg3 35. Nh1 Rg6 36. Qe3 Bc6 37. Rb2 Bh4 38. Rd1 Rd8 39. Rxd8 Qxd8 40. Rd2
Rxg2+ 41. Rxg2 Bxg2 42. Kxg2 Qd1 43. Qf3 Qc2+ 44. Nf2 Qxf2+ 45. Qxf2 Bxf2 46.
Kxf2 Nxf4 47. h4 Kg6 48. Kf3 Nd3 0-1

[Event "Bundesliga 9596"]
[Site "Deutschland"]
[Date "1996.??.??"]
[Round "?.7"]
[White "Kilian, Ralf"]
[Black "Fischdick, Gisela"]
[Result "1/2-1/2"]
[WhiteElo "2210"]
[BlackElo "2300"]
[PlyCount "64"]
[EventDate "1995.10.??"]
[EventType "team"]
[EventRounds "15"]
[EventCountry "GER"]
[SourceTitle "Bundesliga 9596"]
[Source "DeepChess"]
[SourceDate "2005.01.01"]
[SourceVersion "1"]
[SourceVersionDate "2005.01.01"]
[SourceQuality "1"]
[WhiteTeam "PSV Turm Duisburg 1920 e.V."]
[BlackTeam "PSV/BSV Wuppertal 1921 e.V."]
[WhiteTeamCountry "GER"]
[BlackTeamCountry "GER"]

1. d4 d6 2. Nf3 Nf6 3. c4 g6 4. Nc3 Bg7 5. e4 O-O 6. Be2 e5 7. O-O Nc6 8. d5
Ne7 9. Ne1 Ne8 10. Nd3 f5 11. f4 c6 12. fxe5 dxe5 13. Bf3 cxd5 14. cxd5 fxe4
15. Bxe4 Rxf1+ 16. Qxf1 Nd6 17. Bg5 Qb6+ 18. Kh1 Nef5 19. Re1 Bd7 20. Bxf5 Bxf5
21. Nxe5 Qxb2 22. Nd1 Qxa2 23. Ne3 Be4 24. Nd7 Nf5 25. Ng4 Bxd5 26. Bf6 Qc4 27.
Re2 Qxg4 28. Bxg7 Kxg7 29. Qa1+ Kh6 30. Qc1+ Qg5 31. Qc3 Nh4 32. Qd2 Qxd2
1/2-1/2

[Event "Bundesliga 9596"]
[Site "Deutschland"]
[Date "1996.??.??"]
[Round "?.8"]
[White "Sukharisingh, Ralf"]
[Black "Quast, Michael"]
[Result "0-1"]
[WhiteElo "2305"]
[BlackElo "2170"]
[PlyCount "41"]
[EventDate "1995.10.??"]
[EventType "team"]
[EventRounds "15"]
[EventCountry "GER"]
[SourceTitle "Bundesliga 9596"]
[Source "DeepChess"]
[SourceDate "2005.01.01"]
[SourceVersion "1"]
[SourceVersionDate "2005.01.01"]
[SourceQuality "1"]
[WhiteTeam "PSV/BSV Wuppertal 1921 e.V."]
[BlackTeam "PSV Turm Duisburg 1920 e.V."]
[WhiteTeamCountry "GER"]
[BlackTeamCountry "GER"]

1. e4 d5 2. exd5 Qxd5 3. Nc3 Qa5 4. d4 Nf6 5. Nf3 Bf5 6. Bd3 e6 7. Ne5 Bxd3 8.
Qxd3 c6 9. Bd2 Nbd7 10. Nxd7 Nxd7 11. Ne4 Qf5 12. O-O-O Be7 13. f3 O-O-O 14. g4
Qb5 15. Qxb5 cxb5 16. a3 Nf6 17. Nxf6 Bxf6 18. c3 g6 19. Bf4 Rd5 20. Kc2 h5 21.
h3 0-1

[Event "Bundesliga 9596"]
[Site "Deutschland"]
[Date "1995.??.??"]
[Round "?.3"]
[White "Unzicker, Wolfgang"]
[Black "Blatny, Pavel"]
[Result "1/2-1/2"]
[WhiteElo "2450"]
[BlackElo "2535"]
[PlyCount "49"]
[EventDate "1995.10.??"]
[EventType "team"]
[EventRounds "15"]
[EventCountry "GER"]
[SourceTitle "Bundesliga 9596"]
[Source "DeepChess"]
[SourceDate "2005.01.01"]
[SourceVersion "1"]
[SourceVersionDate "2005.01.01"]
[SourceQuality "1"]
[WhiteTeam "PSV Turm Duisburg 1920 e.V."]
[BlackTeam "SAbt SV Werder Bremen"]
[WhiteTeamCountry "GER"]
[BlackTeamCountry "GER"]

1. d4 d5 2. c4 e6 3. Nc3 Bb4 4. Nf3 Nf6 5. Bg5 Nbd7 6. e3 c5 7. Bd3 Qa5 8. O-O
dxc4 9. Bxc4 Bxc3 10. bxc3 b5 11. Bxf6 Nxf6 12. Be2 Ne4 13. dxc5 Nxc3 14. Qc2
b4 15. Rfc1 Bd7 16. Bf1 Rc8 17. a3 Qxc5 18. axb4 Qxb4 19. Ne5 Rc7 20. Qd2 Ke7
21. Nxd7 Rd8 22. Rab1 Qa3 23. Ra1 Qb4 24. Rab1 Qa3 25. Ra1 1/2-1/2

[Event "Bundesliga 9596"]
[Site "Deutschland"]
[Date "1995.??.??"]
[Round "?.4"]
[White "Knaak, Rainer"]
[Black "Keitlinghaus, Ludger"]
[Result "1/2-1/2"]
[WhiteElo "2540"]
[BlackElo "2500"]
[PlyCount "110"]
[EventDate "1995.10.??"]
[EventType "team"]
[EventRounds "15"]
[EventCountry "GER"]
[SourceTitle "Bundesliga 9596"]
[Source "DeepChess"]
[SourceDate "2005.01.01"]
[SourceVersion "1"]
[SourceVersionDate "2005.01.01"]
[SourceQuality "1"]
[WhiteTeam "SAbt SV Werder Bremen"]
[BlackTeam "PSV Turm Duisburg 1920 e.V."]
[WhiteTeamCountry "GER"]
[BlackTeamCountry "GER"]

1. d4 d5 2. c4 c6 3. Nf3 Nf6 4. Nc3 a6 5. c5 Nbd7 6. Bf4 Nh5 7. Bd2 g6 8. e4
dxe4 9. Nxe4 Bg7 10. Bc4 O-O 11. Neg5 Ndf6 12. h3 Nd5 13. Qb3 h6 14. Ne4 Nhf6
15. Ng3 b5 16. cxb6 Qxb6 17. O-O a5 18. Rfc1 Qa7 19. Bf1 a4 20. Qa3 Bb7 21.
Rab1 Rfc8 22. Rc5 Qb6 23. Ne5 Bf8 24. Qf3 Bg7 25. Bd3 Ba6 26. Be4 Qb7 27. b3 a3
28. Rbc1 Bb5 29. h4 e6 30. Bd3 Bxd3 31. Nxd3 Nd7 32. R5c4 N7b6 33. R4c2 Qe7 34.
Ne5 Bxe5 35. dxe5 Qxh4 36. Re1 Kg7 37. Ne4 Qh5 38. Qxh5 gxh5 39. Nd6 Rc7 40. f4
Ne7 41. Kf2 Nbd5 42. Rh1 Kg6 43. Rh3 f6 44. Nc4 Nf5 45. exf6 Nxf6 46. Ne5+ Kh7
47. Rxc6 Ne4+ 48. Ke1 Rxc6 49. Nxc6 Rg8 50. Rd3 Rxg2 51. Rd7+ Kg8 52. Rd8+ Kg7
53. Rd7+ Kg8 54. Rd8+ Kg7 55. Rd7+ Kg8 1/2-1/2

[Event "Bundesliga 9596"]
[Site "Deutschland"]
[Date "1995.??.??"]
[Round "?.5"]
[White "Enders, Peter"]
[Black "Heissler, Jakob"]
[Result "1-0"]
[WhiteElo "2470"]
[BlackElo "2445"]
[PlyCount "97"]
[EventDate "1995.10.??"]
[EventType "team"]
[EventRounds "15"]
[EventCountry "GER"]
[SourceTitle "Bundesliga 9596"]
[Source "DeepChess"]
[SourceDate "2005.01.01"]
[SourceVersion "1"]
[SourceVersionDate "2005.01.01"]
[SourceQuality "1"]
[WhiteTeam "PSV Turm Duisburg 1920 e.V."]
[BlackTeam "SAbt SV Werder Bremen"]
[WhiteTeamCountry "GER"]
[BlackTeamCountry "GER"]

1. c4 Nf6 2. Nc3 g6 3. d4 Bg7 4. e4 d6 5. Be2 O-O 6. Nf3 e5 7. d5 a5 8. O-O Na6
9. Bg5 h6 10. Bh4 Qe8 11. Nd2 Bd7 12. b3 Nh7 13. a3 h5 14. f3 Bh6 15. Rb1 Be3+
16. Kh1 f5 17. exf5 gxf5 18. b4 axb4 19. axb4 Qg6 20. Bf2 Qh6 21. Bxe3 Qxe3 22.
Qc1 Nf6 23. Nde4 Qxc1 24. Nxf6+ Rxf6 25. Rfxc1 h4 26. Ra1 Re8 27. Rcb1 Bc8 28.
Ra5 Kf7 29. c5 dxc5 30. bxc5 b6 31. cxb6 Rxb6 32. Rxb6 cxb6 33. Rb5 Nc5 34.
Rxb6 Bd7 35. Kg1 Ra8 36. Rb4 f4 37. Ne4 Nxe4 38. fxe4 Kf6 39. Rb6+ Ke7 40. h3
Ra4 41. Bf3 Rd4 42. Rh6 Rd2 43. Rxh4 Kd6 44. Rh8 Ba4 45. h4 Bd1 46. h5 Ke7 47.
Rh6 Rd3 48. Re6+ Kf7 49. Kf2 1-0

[Event "Bundesliga 9596"]
[Site "Deutschland"]
[Date "1995.??.??"]
[Round "?.6"]
[White "Meins, Gerlef"]
[Black "Thesing, Matthias"]
[Result "1/2-1/2"]
[WhiteElo "2440"]
[BlackElo "2410"]
[PlyCount "51"]
[EventDate "1995.10.??"]
[EventType "team"]
[EventRounds "15"]
[EventCountry "GER"]
[SourceTitle "Bundesliga 9596"]
[Source "DeepChess"]
[SourceDate "2005.01.01"]
[SourceVersion "1"]
[SourceVersionDate "2005.01.01"]
[SourceQuality "1"]
[WhiteTeam "SAbt SV Werder Bremen"]
[BlackTeam "PSV Turm Duisburg 1920 e.V."]
[WhiteTeamCountry "GER"]
[BlackTeamCountry "GER"]

1. d4 Nf6 2. c4 c6 3. Nf3 d5 4. cxd5 cxd5 5. Nc3 Nc6 6. Bf4 Nh5 7. Bd2 Nf6 8.
e3 e6 9. Bd3 Be7 10. a3 O-O 11. b4 b6 12. O-O Bb7 13. Qe2 Rc8 14. Rfc1 a5 15.
b5 Nb8 16. Ne5 Nbd7 17. f4 Ne4 18. Nxe4 Rxc1+ 19. Bxc1 dxe4 20. Bc2 Nxe5 21.
fxe5 Qd5 22. a4 Rc8 23. Bd1 Bb4 24. Bd2 Bxd2 25. Qxd2 Qc4 26. Ra2 1/2-1/2

[Event "Bundesliga 9596"]
[Site "Deutschland"]
[Date "1995.??.??"]
[Round "?.7"]
[White "Pirrot, Dieter"]
[Black "Floegel, Ulrich"]
[Result "1-0"]
[WhiteElo "2400"]
[BlackElo "2360"]
[PlyCount "143"]
[EventDate "1995.10.??"]
[EventType "team"]
[EventRounds "15"]
[EventCountry "GER"]
[SourceTitle "Bundesliga 9596"]
[Source "DeepChess"]
[SourceDate "2005.01.01"]
[SourceVersion "1"]
[SourceVersionDate "2005.01.01"]
[SourceQuality "1"]
[WhiteTeam "PSV Turm Duisburg 1920 e.V."]
[BlackTeam "SAbt SV Werder Bremen"]
[WhiteTeamCountry "GER"]
[BlackTeamCountry "GER"]

1. e4 Nf6 2. e5 Nd5 3. d4 d6 4. c4 Nb6 5. f4 dxe5 6. fxe5 Nc6 7. Be3 Bf5 8. Nc3
e6 9. Nf3 Bb4 10. Bd3 Na5 11. Bxf5 exf5 12. c5 Bxc3+ 13. bxc3 Nbc4 14. Bf4 Qd5
15. O-O O-O-O 16. Qc2 g6 17. Bg5 Rde8 18. Rfe1 h6 19. Bf4 Re6 20. h4 b6 21.
Rad1 bxc5 22. Qf2 Rd8 23. Bxh6 Rd7 24. Bf4 Ra6 25. dxc5 Qxd1 26. Rxd1 Rxd1+ 27.
Kh2 Re6 28. Nd4 Nxe5 29. Bxe5 Rxe5 30. Qf3 Rxd4 31. cxd4 Re4 32. d5 Nc4 33. Qc3
Ne5 34. c6 f6 35. Kg1 Ng4 36. g3 Kd8 37. Qc5 a5 38. Qa7 Re1+ 39. Kg2 Re2+ 40.
Kf1 Rb2 41. Qa8+ Ke7 42. Qxa5 Rf2+ 43. Ke1 Kd6 44. Qa8 Kxd5 45. Qe8 Rc2 46. Kd1
Rxc6 47. Qxg6 Kd4 48. Qe8 Ne3+ 49. Ke2 Rc2+ 50. Kf3 Ng4 51. Qa4+ Rc4 52. Qd7+
Ke5 53. Qe7+ Kd5 54. Qd7+ Ke5 55. Qd3 Rd4 56. Qc3 Kd5 57. Qxc7 Ne5+ 58. Ke2 f4
59. Qb7+ Ke6 60. Qb6+ Kd5 61. Qb7+ Ke6 62. Qc8+ Kd5 63. Qg8+ Ke4 64. gxf4 Kxf4
65. h5 Ng4 66. Qb3 f5 67. a4 Re4+ 68. Kd2 Ne5 69. h6 Nf3+ 70. Kc1 Nd4 71. Qb8+
Ke3 72. h7 1-0

[Event "Bundesliga 9596"]
[Site "Deutschland"]
[Date "1995.??.??"]
[Round "?.8"]
[White "Meyer, Claus Dieter"]
[Black "Prang, Edgar"]
[Result "1/2-1/2"]
[WhiteElo "2315"]
[BlackElo "2335"]
[PlyCount "92"]
[EventDate "1995.10.??"]
[EventType "team"]
[EventRounds "15"]
[EventCountry "GER"]
[SourceTitle "Bundesliga 9596"]
[Source "DeepChess"]
[SourceDate "2005.01.01"]
[SourceVersion "1"]
[SourceVersionDate "2005.01.01"]
[SourceQuality "1"]
[WhiteTeam "SAbt SV Werder Bremen"]
[BlackTeam "PSV Turm Duisburg 1920 e.V."]
[WhiteTeamCountry "GER"]
[BlackTeamCountry "GER"]

1. e4 e6 2. d3 d5 3. Nd2 Nf6 4. Ngf3 Nc6 5. e5 Nd7 6. d4 f6 7. Bb5 a6 8. Bxc6
bxc6 9. O-O c5 10. Nb3 a5 11. Re1 f5 12. Bg5 Be7 13. Qd2 Bxg5 14. Qxg5 Qxg5 15.
Nxg5 Ra6 16. dxc5 h6 17. Nf3 a4 18. Nbd4 Nxc5 19. b4 Ne4 20. c4 dxc4 21. Rec1
c3 22. Ne1 Rb6 23. a3 Bb7 24. f3 c5 25. Ne2 Nd2 26. bxc5 Rb2 27. Nxc3 Bc6 28.
Rc2 Rxc2 29. Nxc2 Nb3 30. Rd1 Nxc5 31. Rd4 Bd7 32. Rc4 Nd3 33. f4 g5 34. fxg5
hxg5 35. Nxa4 Nxe5 36. Rb4 Ke7 37. Nc5 Bc6 38. Nd4 Bd5 39. Rb6 Nc4 40. Ra6 Rb8
41. Ncxe6 Rb1+ 42. Kf2 Rb2+ 43. Ke1 Rxg2 44. Nxf5+ Kd7 45. Nc5+ Kc7 46. h3 Rb2
1/2-1/2

[Event "Bundesliga 9596"]
[Site "Deutschland"]
[Date "1996.??.??"]
[Round "?.1"]
[White "Pfleger, Helmut"]
[Black "Khalifman, Alexander"]
[Result "1-0"]
[WhiteElo "2490"]
[BlackElo "2650"]
[PlyCount "83"]
[EventDate "1995.10.??"]
[EventType "team"]
[EventRounds "15"]
[EventCountry "GER"]
[SourceTitle "Bundesliga 9596"]
[Source "DeepChess"]
[SourceDate "2005.01.01"]
[SourceVersion "1"]
[SourceVersionDate "2005.01.01"]
[SourceQuality "1"]
[WhiteTeam "SC 1868 Bamberg e.V."]
[BlackTeam "PSV Turm Duisburg 1920 e.V."]
[WhiteTeamCountry "GER"]
[BlackTeamCountry "GER"]

1. c4 g6 2. g3 Bg7 3. Bg2 Nf6 4. Nc3 O-O 5. Nf3 d6 6. O-O c6 7. d3 Re8 8. h3 e5
9. e4 a6 10. b4 Nbd7 11. Rb1 Nf8 12. a4 a5 13. b5 Ne6 14. Re1 Nd7 15. Be3 Qf6
16. Ne2 Ndc5 17. Qc2 Bd7 18. Rbd1 cxb5 19. axb5 a4 20. Nc3 Nd4 21. Nxd4 exd4
22. Nd5 Qd8 23. Bd2 Be6 24. Nf4 Qc7 25. Bb4 Nb3 26. Qb2 Bf6 27. Ne2 Bg7 28. Qa3
Red8 29. Nf4 Bh6 30. Nxe6 fxe6 31. e5 dxe5 32. c5 Bg7 33. Re2 Rdc8 34. Rc2 Bf8
35. b6 Qd7 36. c6 bxc6 37. Bxf8 Rxf8 38. Bxc6 Qd8 39. Bxa8 Qxa8 40. Qe7 Qf3 41.
Qxe6+ Rf7 42. Re1 1-0

[Event "Bundesliga 9596"]
[Site "Deutschland"]
[Date "1996.??.??"]
[Round "?.4"]
[White "Enders, Peter"]
[Black "Meister, Peter"]
[Result "1/2-1/2"]
[WhiteElo "2495"]
[BlackElo "2385"]
[PlyCount "81"]
[EventDate "1995.10.??"]
[EventType "team"]
[EventRounds "15"]
[EventCountry "GER"]
[SourceTitle "Bundesliga 9596"]
[Source "DeepChess"]
[SourceDate "2005.01.01"]
[SourceVersion "1"]
[SourceVersionDate "2005.01.01"]
[SourceQuality "1"]
[WhiteTeam "PSV Turm Duisburg 1920 e.V."]
[BlackTeam "SC 1868 Bamberg e.V."]
[WhiteTeamCountry "GER"]
[BlackTeamCountry "GER"]

1. e4 e6 2. d4 d5 3. e5 c5 4. c3 Nc6 5. Nf3 Qb6 6. a3 Nge7 7. dxc5 Qc7 8. Bb5
Ng6 9. Qd4 Be7 10. O-O O-O 11. Bxc6 bxc6 12. b4 f6 13. Bf4 Nxf4 14. Qxf4 g5 15.
Qg3 a5 16. Re1 Rf7 17. exf6 Qxg3 18. hxg3 Bxf6 19. Ne5 Rb7 20. Nd2 axb4 21.
cxb4 Bxe5 22. Rxe5 Rxb4 23. Rxg5+ Kf8 24. axb4 Rxa1+ 25. Kh2 Ra2 26. Nf3 Rxf2
27. Nd4 Bd7 28. b5 cxb5 29. c6 Bc8 30. Nxb5 Rc2 31. Na7 Ba6 32. Re5 Kf7 33. Rh5
Bd3 34. g4 Be4 35. Kg3 d4 36. Nb5 Bxc6 37. Nxd4 Rc3+ 38. Kf2 Be4 39. Re5 Bd5
40. Rh5 Kg6 41. Nf3 1/2-1/2